<?xml version="1.0" encoding="UTF-8"?>
<record
    xmlns:xsi="http://www.w3.org/2001/XMLSchema-instance"
    xsi:schemaLocation="http://www.loc.gov/MARC21/slim http://www.loc.gov/standards/marcxml/schema/MARC21slim.xsd"
    xmlns="http://www.loc.gov/MARC21/slim">

  <leader>00898caa a22001932a 4500</leader>
  <controlfield tag="001">  005203</controlfield>
  <controlfield tag="003">  AR-FADEU</controlfield>
  <controlfield tag="008">  311216n########xxu####################dd</controlfield>
  <datafield tag="092" ind1=" " ind2=" ">
    <subfield code="a">415.2</subfield>
    <subfield code="b">S992</subfield>
  </datafield>
  <datafield tag="100" ind1=" " ind2=" ">
    <subfield code="a">Doron, Edit</subfield>
  </datafield>
  <datafield tag="245" ind1=" " ind2=" ">
    <subfield code="a">The pronominal "Copula" as agreement clitic</subfield>
  </datafield>
  <datafield tag="300" ind1=" " ind2=" ">
    <subfield code="a">PP. 313-332</subfield>
  </datafield>
  <datafield tag="500" ind1=" " ind2=" ">
    <subfield code="a">En: The syntax of semantics /ed. Hagit Borer. Orlando : Academic Press, 1986</subfield>
  </datafield>
  <datafield tag="546" ind1=" " ind2=" ">
    <subfield code="a">Ingl&#xE9;s</subfield>
  </datafield>
  <datafield tag="942" ind1=" " ind2=" ">
    <subfield code="c">BDGR</subfield>
  </datafield>
  <datafield tag="773" ind1="0" ind2=" ">
    <subfield code="0">8208</subfield>
    <subfield code="9">6660</subfield>
    <subfield code="a"></subfield>
    <subfield code="b"></subfield>
    <subfield code="d">Berlin</subfield>
    <subfield code="o">02446</subfield>
    <subfield code="t">Syntax : Ein internationales handbuch zeitgen&#xF6;ssischer forschung : Handb&#xFC;cher zur sprach - und kommunikationswissenschaft </subfield>
    <subfield code="w">(  AR-FADEU)  002376</subfield>
    <subfield code="x"></subfield>
    <subfield code="z">3-11-009586-6</subfield>
  </datafield>
  <datafield tag="773" ind1="0" ind2=" ">
    <subfield code="0">11013</subfield>
    <subfield code="9">9830</subfield>
    <subfield code="a"></subfield>
    <subfield code="b"></subfield>
    <subfield code="d">Orlando</subfield>
    <subfield code="o">02960</subfield>
    <subfield code="t">The SYNTAX of pronominal clitics</subfield>
    <subfield code="w">(  AR-FADEU)  005191</subfield>
    <subfield code="x"></subfield>
    <subfield code="z">0-12-613519-3</subfield>
  </datafield>
  <datafield tag="773" ind1="0" ind2=" ">
    <subfield code="0">26074</subfield>
    <subfield code="9">25100</subfield>
    <subfield code="a">Safir, Ken</subfield>
    <subfield code="b"></subfield>
    <subfield code="d">Cambridge</subfield>
    <subfield code="o">05367</subfield>
    <subfield code="t">The syntax of (in)dependence</subfield>
    <subfield code="w">(  AR-FADEU)  020350</subfield>
    <subfield code="x"></subfield>
    <subfield code="z">0-262-69300-3</subfield>
  </datafield>
  <datafield tag="999" ind1=" " ind2=" ">
    <subfield code="c">11025</subfield>
    <subfield code="d">11025</subfield>
  </datafield>
</record>
